|
|
|
|
| LEADER |
02098cas a2200205 a 4500 |
| 001 |
AALejournalIMF010959 |
| 008 |
230101c9999 xx r poo 0 0eng d |
| 020 |
|
|
|z 9781557756220
|
| 040 |
|
|
|a BD-DhAAL
|c BD-DhAAL
|
| 110 |
2 |
|
|a International Monetary Fund.
|
| 240 |
1 |
0 |
|a Guia para compilar estadisticas de balanza de pagos.
|l Spanish
|
| 245 |
1 |
0 |
|a Guia para compilar estadisticas de balanza de pagos.
|
| 264 |
|
1 |
|a Washington, D.C. :
|b International Monetary Fund,
|c 1995.
|
| 300 |
|
|
|a 1 online resource (419 pages)
|
| 500 |
|
|
|a <strong>Off-Campus Access:</strong> No User ID or Password Required
|
| 500 |
|
|
|a <strong>On-Campus Access:</strong> No User ID or Password Required
|
| 506 |
|
|
|a Electronic access restricted to authorized BRAC University faculty, staff and students
|
| 520 |
3 |
|
|a Como complemento de la quinta edicion del Manual de Balanza de Pagos, la Guia de Compilacion de la Balanza de Pagos muestra como puede aplicarse en la practica el marco conceptual descrito en dicho Manual. El principal objetivo de esta Guia es proporcionar orientacion practica para el uso de las fuentes y metodos de compilacion de estadisticas sobre la balanza de pagos y la posicion de inversion internacional. Esta Guia se ha disenado para ayudar a los compiladores de la balanza de pagos y a los estadisticos a comprender las ventajas y desventajas de los diversos enfoques. El material refleja la aparicion de nuevas fuentes de datos y las adaptaciones en la aplicacion de las metodologias estadisticas ante los cambios del entorno. En esta Guia se analizan todas las tareas que normalmente realiza el compilador de la balanza de pagos. Los apendices contienen un conjunto de cuestionarios modelo sobre la balanza de pagos y un conjunto de cuadros modelo de publicacion de la balanza de pagos. Tambien se abordan las relaciones entre las estadisticas de balanza de pagos y los aspectos pertinentes de las cuentas nacionales.
|
| 538 |
|
|
|a Mode of access: Internet
|
| 856 |
4 |
0 |
|z Full text available on IMF
|u http://elibrary.imf.org/view/books/071/00544-9781557756220-es/00544-9781557756220-es-book.xml
|z IMF e-Library
|